000 00371nam a2200145Ia 4500
008 150201s2001 xx 000 0 und d
082 _a611
_bL2001S
100 _aCHUMMY S.SINNATAMBY
245 _aLASTS ANATOMY :REGIONAL AND APPLIED
250 _a10TH
260 _bCHURCHILL LIVINGSTONE
_aEDINBURGH
_c2001
300 _a1-539
650 _aANATOMY
942 _2ddc
_cBK
_02
999 _c2567
_d2567